00976cam a2200241 i 4500999001500000003000400015005001700019008004100036040001400077245012500091250003600216264008900252264003200341300002700373546003600400600002800436650004200464655001500506700004900521700004500570942001300615952010600628 c8048d8048OSt20260120143323.0210325e202012 spc |||| |||||010 0bcatrc ccdmrbcat00aWifredo Espina vist per 40 autors :b75 anys de periodisme /cJosep Maria, Yolanda, Wifredo i Blanca Espina-Pahí (eds) a3ª edició, setembre del 2025 1a[Lloc de publicació no identificat] :b[editor no identificat],csetembre del 2025 3aMoià :bIster Gràfiques a158 pàgines ;c21 cm aTextos en català i castellà17aEspina, Wifred,d1930-. 0aPeriodistes catalansvBiografia93139 7aAntologies1 aEspina-Pahí, Josep Maria,eeditor literari1 aEspina Pahí, Yolanda,eeditor literari cMON2udc 00104070aCDMRbCDMRd2026-01-20eDonaciól0oDu 1/220pCDMR26010003r2026-01-20w2026-01-20yMON